| 000 | 01024nam0a2200301 i 4500 | ||
|---|---|---|---|
| 001 | RU\NLR\BIBL_A\010972175 | ||
| 005 | 20241103090122.0 | ||
| 010 |
_a9785946020947 _97000 |
||
| 021 |
_aRU _b2016-3266 _9197 |
||
| 035 | _a(NLR Aleph) 010972175 | ||
| 090 |
_a10828416 _c10828416 |
||
| 100 | _a20160205d2016 b y0rusy50 ca | ||
| 101 | 1 |
_arus _cfre |
|
| 102 | _aRU | ||
| 105 | _aa|||z||||00yy | ||
| 200 | 1 |
_aПлетеные зверюшки _iКролик и Коала _e[для детей младше 6 лет] _fДельфина Глашан _g[пер. с фр.: О. Бернштейн] |
|
| 210 |
_aСанкт-Петербург _cПитер _d2016 |
||
| 215 |
_a15 с. _cцв. ил. _d21 |
||
| 225 | 1 | _aРадужки | |
| 225 | 1 | _aВы и ваш ребенок | |
| 333 | _a0+ | ||
| 606 |
_aПлетение из резинок _92244601 _3RU\NLR\AUTH\6601577804 |
||
| 686 | 1 | _aМ484 | |
| 700 | 1 |
_aГлашан _bД. _gДельфина |
|
| 942 | _cBOOK | ||
| 980 | _aNBR | ||